000 00253nam a22001217a 4500
008 180316b xxu||||| |||| 00| 0 eng d
041 _aeng
080 _a94
100 _a16
101 _ahis
245 _aamerican album
_cjensen.o
942 _2udc
_cBK
999 _c45268
_d45268